|
|
|
|
| LEADER |
00000nab a2200000 a 4500 |
| 001 |
vtls000480406 |
| 003 |
SK-MaSNL |
| 005 |
20260304040259.0 |
| 008 |
120927c1993 xo 0 slo |
| 015 |
|
|
|a SNBRB19rr/mm-uuuuu
|
| 035 |
|
|
|a CL0480541
|
| 040 |
|
|
|a SNKBUCL
|b slo
|c SNKBUCL
|e AACR2
|
| 041 |
0 |
|
|a slo
|
| 044 |
|
|
|a xo
|c SK
|
| 080 |
|
|
|a 327(479.25:479.24)
|2 1981
|
| 080 |
|
|
|a 327(479.24:479.25)
|2 1981
|
| 100 |
1 |
|
|a Fridner, Peter
|4 aut
|9 397406
|
| 245 |
1 |
0 |
|a Na programe Veľké Arménsko?
|b Vojna o Náhorný Karabach nadobúda nové dimenzie
|c Peter Fridner
|
| 300 |
|
|
|b Mp. 1
|
| 650 |
0 |
7 |
|a zahraničná politika
|2 snkbucl
|9 971
|
| 651 |
|
7 |
|a Arménsko
|2 snkbucl
|9 83352
|
| 651 |
|
7 |
|a Azerbajdžan
|2 snkbucl
|9 56314
|
| 655 |
|
7 |
|a články z novín a časopisov
|2 snkbucl
|9 267496
|
| 773 |
0 |
|
|t Národná obroda
|g Roč. 4, č. 81 (7. 4. 1993), s. 5
|
| 850 |
|
|
|a Slovenská národná knižnica v Martine
|a MTA001
|
| 852 |
|
|
|a SNK
|b KIS3GCP
|
| 958 |
|
|
|a RK
|
| 992 |
|
|
|a RBX
|
| 999 |
|
|
|c 2662425
|d 2664355
|